عرض عادي
عرض مارك
- Jutte, Lisa S.,
مدخل إسم شخص
001 - رقم الضبط
- حقل الضبط: 88708
003 - معرف رقم الضبط
- حقل الضبط: OSt
005 - تاريخ ووقت أخر عملية
- حقل الضبط: 20210306165146.0
008 - عناصر بيانات ثابتة الطول
- حقل تحكم ثابت الطول: 210306|| aca||aabn | a|a d
040 ## - مصدر الفهرسة
- هيئة الفهرسة الأصلية: OSt
- وكالة الكتابة: OSt
100 ## - مدخل -- أسم شخص
- إسم شخص: Jutte, Lisa S.,
670 ## - بيانات المصدر موجوده
- الاستشهاد بالمصدر: Work cat.: (OSt)0: Knight, Kenneth L. author. 88704, Therapeutic modalities :
